Κατάλογος Βιβλιοθηκών Mediterranean College

Βήμα Βήμα: Microsoft Office Access 2003 / Μάθετε με το Δικό σας Ρυθμό - Αναπτύξτε τις Ικανότητες που Χρειάζεστε - Εξασκηθείτε με Παραδείγματα από την Πράξη (Record no. 5146)

MARC details
000 -LEADER
fixed length control field 01565cam a22001934a 4500
005 - ΗΜΕΡΟΜΗΝΙΑ ΚΑΙ ΩΡΑ ΤΕΛΕΥΤΑΙΑΣ ΕΝΗΜΕΡΩΣΗΣ
Πεδίο ελέγχου 20250605164205.0
008 - FIXED-LENGTH DATA ELEMENTS--GENERAL INFORMATION
Πεδίο ελέγχου σταθερού μήκους 250528s ||||||||||||||||||||||||d
035 ## - SYSTEM CONTROL NUMBER
System control number 19904
020 ## - ISBN
ISBN 9602097264
040 ## - ΠΗΓΗ ΚΑΤΑΛΟΓΟΓΡΑΦΗΣΗΣ
Φορέας πρωτότυπης καταλογογράφησης MC Athens Campus Library
Γλώσσα καταλογογράφησης Ελληνικά, Μοντέρνα (1453-)
Modifying agency MC Athens Campus Library
Κανόνες περιγραφικής καταλογογράφησης AACR2
245 1# - ΤΙΤΛΟΣ ΚΑΙ ΔΗΛΩΣΗ ΥΠΕΥΘΥΝΟΤΗΤΑΣ
Τίτλος Βήμα Βήμα: Microsoft Office Access 2003 / Μάθετε με το Δικό σας Ρυθμό - Αναπτύξτε τις Ικανότητες που Χρειάζεστε - Εξασκηθείτε με Παραδείγματα από την Πράξη
260 ## - PUBLICATION, DISTRIBUTION, ETC.
Name of publisher, distributor, etc. Κλειδάριθμος,
Date of publication, distribution, etc. 2004
300 ## - PHYSICAL DESCRIPTION
Extent 372
520 ## - SUMMARY, ETC.
Summary, etc. Ο έξυπνος τρόπος για να μάθετε τη Microsoft Office Access 2003 με ένα βήμα κάθε φορά. Includes CD-ROM. Γνωριμία με τη Microsoft Access 2003, Δημιουργία Νέας Βάσης Δεδομένων, Εισαγωγή και Εξαγωγή Πληροφοριών από Βάσεις Δεδομένων, Απλοποίηση Καταχώρισης Δεδομένων με Φόρμες, Εντοπισμός Συγκεκριμένων Πληροφοριών, Διατήρηση της Ακρίβειας των Πληροφοριών, Εκθέσεις, Εύκολη Χρήση της Βάσης Δεδομένων σας από άλλα Άτομα, Προστασία των Πληροφοριών, Εργασία με Σελίδες και Υπομονάδες, Γλωσσάρι, Ευρετήριο.
700 1# - ΠΡΟΣΘΕΤΗ ΑΝΑΓΡΑΦΗ--ΦΥΣΙΚΟ ΠΡΟΣΩΠΟ
Personal name Μικέδης Μιχάλης
9 (RLIN) 6059
942 ## - ADDED ENTRY ELEMENTS (KOHA)
Koha item type Books
Holdings
Τύπος τεκμηρίου Βιβλιοθήκη Τρέχουσα τοποθεσία Barcode Αριθμός εισαγωγής Ημερομηνία απόκτησης Ταξιθετικό σύμβολο Αριθμός αντιτύπου Κατάσταση απόσυρσης Κατάσταση χαμένου Κατάσταση κατεστραμμένου Μη δανεισμός Σύνολο δανεισμών Ημερομηνία τελευταίας εμφάνισης Η τιμή ισχύει από
Books MC Athens Campus Library MC Athens Campus Library 9780000051455 6110 05/06/2025 005.7565 MIK 1           05/06/2025 05/06/2025

MC Athens Campus Library
Πατησίων 94 & Κοδριγκτώνος 13, 104 34
Πελλήνης 8 & Πατησίων 107, 112 51
Τ: +30 210 8899600

MC Thessaloniki Campus Library
Ίωνος Δραγούμη 21, 54625 | Ίωνος Δραγούμη 15, 54625
Τ: +30 2310 287779 – Τ: +30 2314 440300